000 00342nam a2200121Ia 4500
008 230907s9999||||xx |||||||||||||| ||und||
082 _a355.0217054
_bYAM
100 _aYamin, Tughral
_91533
245 4 _aThe evolution of nuclear deterrence in South Asia /
260 _aArmy Press,
_bIslamabad :
_c2014
300 _aVII, 272 p.
942 _cBK
999 _c597397
_d597397